000 00826nas a2200265 4500
001 BR9204805
003 BR-BrBNA
005 20231205092759.0
007 ta
008 230509b bl.|||p| |||| 00| 00por d
040 _aBR-BrBNA
_bpor
_cBiblioteca Nacional de Agricultura
041 _a(Pt)
072 _aK50
100 1 _aHaselein, C.R.
100 1 _aVital, B.R.
100 1 _aValente, O.F.
100 1 _aLucia, R.M.D.
245 1 _aFabricacao de chapas de aglomerado com madeiras de eucalipto (Eucalyptus grandis W. Hill x Maiden)e de embauba (Cecropia sp.)
650 _aCHAPA DE PARTICULAS
650 _aEUCALIPTO
650 _aIMBAUBA
773 0 _tRevista Arvore (Brazil)
_xISSN 0100-6762
_g(Jan-Jul 1989), v. 13(1) p. 67-84
_wBR9204805
909 _a202311
_bLúcia
_c55
_dLúcia Elande
942 _2AGRIS
_n0
_cANA
999 _c134131
_d134131